00342 2200145 4500001002100000005001500021035002000036245004900056100001400105300001200119260003100131082000800162084001400170990001200184INLIS00000000000204220250527091157 a0010-05250003341 aNasionalisme Arti dan Syarahnya /cHans Kohn0 aHans Kohn a116 hlm ajakarta :bErlangga,c1984 a300 a300 HAN n a0713108